Quizzes
Events
Quiz Creation
Community
Videos
Private Events
Remove Ads
Sign In
Join for FREE
Feedback
Dark Mode
Quiz Categories
Sports
Geography
Music
Movies
Television
Just For Fun
Miscellaneous
History
Literature
Language
Science
Gaming
Entertainment
Religion
Holiday
For Kids
Quiz Lab
Recent
Popular Today
Quiz Kudos Today
Editor Picks
Curator Picks
Quizzes by...
Day
Popularity
Type
Ratings
Length
Year
Community
Subscriptions
Recent Discussions
Orange Saloon
Badges
Playlists
Quests
Create
Leaderboards
Showdown
Live 5
Trivia Bingo
Activity
Puzzle Library
Sporcle Events
Private Events
Virtual Trivia
Globe League
Become a Host
Pub Owners
SporcleCon
Opinionation
Our Games
Videos
Blog
Mobile Apps
Partnerships
Remove Ads and Go Orange
Feedback
Sports
Athletes
MLB
NBA
NHL
NFL
Soccer
Sports Teams
WWE
NCAA
Football
Premier League
Basketball
Baseball
Hockey
Golf
Tennis
Cricket
Rugby
Auto Racing
Olympics
World Cup
Sports
Athletes
MLB
NBA
NHL
NFL
Soccer
Sports Teams
WWE
NCAA
Football
Premier League
Basketball
Baseball
Hockey
Golf
Tennis
Cricket
Rugby
Auto Racing
Olympics
World Cup
Random Quiz
Search Sporcle
×
Quiz Lab
Quiz Lab
Sports
Rusher
Type in answers that appear in a list
Type in answers that appear in a list
Classic
Best Score? Go Orange.
10,000 Yard Rushers Stats
Can you name the 10,000 Yard Rushers?
By
3onions
6m
24 Questions
1,280 Plays
1,280 Plays
1,280 Plays
Comments
Comments
Give Quiz Kudos
Give Quiz Kudos
-
- Ratings
hide this ad
More Info
Random Order
Randomize order of answers
Randomize order of answers
Replay
Link that replays current quiz
Next Quiz
Link to next quiz in quiz playlist
You Got
0%
They Got
Avg Score
83%
Avg Friend Score
Upgrade to see
Score Distribution
Jump to the score distribution portion of the page
Score
0/24
Timer
06:00
0
Plays Today
Team(s)
Running Backs
% Correct
Cowboys, Cardinals
Emmitt Smith
98%
Lions
Barry Sanders
96.5%
Chargers
LaDainian Tomlinson
96.4%
Bears
Walter Payton
95.8%
Browns
Jim Brown
93.7%
Colts, Rams
Marshall Faulk
92.3%
Rams, Steelers
Jerome Bettis
92.2%
Giants
Tiki Barber
91.3%
Patriots, Jets
Curtis Martin
91.1%
Colts, Cardinals
Edgerrin James
90.6%
Ravens, Browns
Jamal Lewis
89.6%
Jaguars, Patriots
Fred Taylor
88.4%
Team(s)
Running Backs
% Correct
Bengals, Patriots
Corey Dillon
87.5%
Buccaneers, Falcons
Warrick Dunn
84.7%
Rams, Colts, Raiders, Falcons
Eric Dickerson
80.2%
Oilers/
Titans, Cowboys
Eddie George
79.5%
Bills, Dolphins
Thurman Thomas
79.1%
Raiders, Chiefs
Marcus Allen
79%
Bills, 49ers
O.J. Simpson
75%
Steelers, Seahawks
Franco Harris
70%
49ers, Eagles, Seahawks
Ricky Watters
62.9%
Cowboys, Broncos
Tony Dorsett
62.1%
Jets, Redskins
John Riggins
61.9%
Cardinals, Giants
Ottis Anderson
59.1%
Quiz Playlist
Details
Report
Send in Message
Add To Playlist
More Info:
Can you name the best in foorball running backs with the 10,000 yard rushers?
Classic:
Type in answers that appear in a list
Random Order:
Randomize order of answers
Quiz Source
Last Updated: Nov 21, 2018
Quiz Scoreboard
CHALLENGE
Sign Up to Join the Scoreboard
Show All
Scores
Hide
Comments
May contain spoilers
Recently Published
9x9 Crossword: Cartoon Network
by jackfrog10
Miscellaneous
3m
College Basketball Coaching Resumes
by pancakes188
Sports
9m
Billboard Blitz: Fleetwood Mac
by CooCooCachoo
Music
15s
More to Explore
Quiz From the Vault
Featured Blog Post
Where Did the Easter Bunny Come From?
hide this ad
You Might Also Like...
Tags
10 000
Running
Rusher
Rushing Yards
team
Yard
Today's Top Quizzes in Sports
Browse Sports
hide this ad
Today's Top Quizzes in Rusher
Browse Rusher
Top Contributed Quizzes in Sports
1
2022 World Cup Stars
2
Les meilleurs buteurs des matchs entre le PSG et l’OM
3
FIFA Club World Cup Champions
4
Les entraîneurs de l'OM et du PSG au 21e siècle
5
Criteria MLB: Left Handed Sluggers
6
AFC Teams Reveal (Wrong Answers Minefield)
7
2023 MLB Unique Player Accomplishments
8
5-to-1: FBS Animal Nicknames
9
Players with Multiple 50 Home Run Seasons
10
5-to-1: UK Sports Teams
Explore More
Trending Topics
NBA
Anime
Crossword
Disney
Marvel
Kpop
Harry Potter
Country
Pokémon
Soccer
Song
Puzzle
The Office
NFL
WWE
hide this ad
More By:
3onions
Quiz
Plays
Rating
Category
Featured
Created
10,000 Yard Rushers
1,280
4.31
Sports
May 25, 2010
Go to Creator's Profile
Score Distribution
Quiz Creator Spotlight
3onions
Follow
Send a Message
Quizzes Created
-
Created Quiz Play Count
-
More By This Creator
Popular Quizzes Today
1
Find the US States - No Outlines Minefield
2
Find the Countries of Europe - No Outlines Minefield
3
The Countries of the World
4
Find the US States
5
Risky Map Clicking: Biggest States A-Z
6
US States
7
Popular People in 1961
8
Movies - When Are They Set?
More Sports Quizzes
NFL All-Time QB Career Earnings
Quiz Lab
Trending Quizzes
Risky Map Clicking: Least Populous States A-Z
1-10 Letter G Words
1-10 Letter F Words
Risky Map Clicking: Next State Alphabetically
Adjectives in 80s TV Shows
Recently Updated
Leaping Animals
pecheneg
Reality TV Shows (A-Z)
bhenderson79
Rickey Henderson's Hall of Fame Teammates
pecheneg
Champions League XIs: Arsenal
pecheneg
Quick Pick: Celebrities in WWE's Hall of Fame
aduchscher
A-Z Keypad Blitz II
pecheneg
Multiple Oscar Actors
pecheneg
Mystery Phrase Blitz: Oscar 'Best Actors'
pecheneg
F. Scott Fitzgerald Novels
LTH
Pick 3 Villains
ddd62291
Trending Topics
Harry Potter
Kpop
Marvel
Anime
Crossword
Disney
NBA
Pokémon
Song
NFL
WWE
Soccer
Country
The Office
Puzzle
Your Account Isn't Verified!
In order to create a playlist on Sporcle, you need to verify the email address you used during registration. Go to your
Sporcle Settings
to finish the process.
Report this User
Report this user for behavior that violates our
Community Guidelines
.
Details:
Send Report
Go to the Sporcle.com Mobile Site →
Comments